[Event "Walsrode Chessemy op-A"]
[Site "Walsrode"]
[Date "2023.03.08"]
[Round "5"]
[White "Ruddat, Jarne"]
[Black "Paashaus, Detlef"]
[Result "1-0"]
[WhiteElo "1777"]
[BlackElo "1953"]
[PlyCount "85"]
[EventDate "2023.03.04"]
[EventType "swiss"]
[EventRounds "9"]
[EventCountry "GER"]
[SourceTitle "CBM 213 Extra"]
[Source "ChessBase"]
[SourceDate "2023.05.31"]
[SourceVersion "1"]
[SourceVersionDate "2023.05.31"]
[SourceQuality "1"]

1. Nf3 d5 2. d4 Nf6 3. Bf4 c6 4. e3 Qb6 5. b3 Nh5 6. Bg5 h6 7. Bh4 g5 8. Ne5 Nf6 9. Bg3 Ne4 10. Bd3 Be6 11. Bxe4 dxe4 12. Nd2 Nd7 13. Nxd7 Bxd7 14. Nxe4 Qa5+ 15. Qd2 Qxd2+ 16. Kxd2 Bf5 17. Nc5 0-0-0 18. Nd3 f6 19. a3 e6 20. b4 Rh7 21. Ke2 Bxd3+ 22. cxd3 Bd6 23. Bxd6 Rxd6 24. Rac1 Kd8 25. f3 Rhd7 26. Rc3 a6 27. h4 Rg7 28. hxg5 hxg5 29. Rcc1 Kc7 30. Rh6 e5 31. dxe5 fxe5 32. Rch1 Rdg6 33. R1h5 Kb6 34. Rxg6 Rxg6 35. Rh7 Kb5 36. Rxb7+ Ka4 37. Kd2 Kxa3 38. Kc3 Ka4 39. Rb6 g4 40. Rxa6+ Kb5 41. Ra5+ Kb6 42. Rxe5 gxf3 43. gxf3 1-0

[Event "Bremen Silvester op-A"]
[Site "Bremen"]
[Date "2022.12.30"]
[Round "7"]
[White "Ruddat, Jarne"]
[Black "Mix, Clemens"]
[Result "0-1"]
[WhiteElo "1699"]
[BlackElo "2030"]
[PlyCount "78"]
[EventDate "2022.12.27"]
[EventType "swiss"]
[EventRounds "7"]
[EventCountry "GER"]
[SourceTitle "CBM 211 Extra"]
[Source "ChessBase"]
[SourceDate "2023.01.31"]
[SourceVersion "1"]
[SourceVersionDate "2023.01.31"]
[SourceQuality "1"]

1. e4 c5 2. Nf3 e6 3. d4 cxd4 4. Nxd4 Nc6 5. Nc3 Qc7 6. Be2 a6 7. 0-0 Nf6 8. Be3 b5 9. a3 Bb7 10. Bf3 Ne5 11. Bf4 Nxf3+ 12. Qxf3 d6 13. Bg3 Be7 14. Qd3 0-0 15. Rfe1 Rac8 16. Rad1 Rfd8 17. h3 Qb6 18. Re2 d5 19. e5 Ne4 20. Na2 Nc5 21. Qe3 a5 22. c3 Ba6 23. Rc2 Ne4 24. Kh2 Rc7 25. Rdc1 Rdc8 26. f3 Nxg3 27. Kxg3 Rc4 28. Qd2 Qb8 29. Re1 Qc7 30. Rcc1 Qd8 31. Kh2 h5 32. g3 Qb6 33. Red1 b4 34. cxb4 Rxc1 35. Rxc1 Rxc1 36. bxa5 Rd1 37. Qxd1 Qxb2+ 38. Qc2 Qxd4 39. f4 Qc4 0-1

[Event "GER-ch Youth-B"]
[Site "Willingen"]
[Date "2022.06.11"]
[Round "9"]
[White "Ruddat, Jarne"]
[Black "Tryfon, Konstantin"]
[Result "1-0"]
[WhiteElo "1415"]
[BlackElo "1634"]
[PlyCount "57"]
[EventDate "2022.06.04"]
[EventType "swiss"]
[EventRounds "9"]
[EventCountry "GER"]
[SourceTitle "CBM 208 Extra"]
[Source "ChessBase"]
[SourceDate "2022.07.31"]
[SourceVersion "1"]
[SourceVersionDate "2022.07.31"]
[SourceQuality "1"]

1. e4 e5 2. Nf3 Nc6 3. d4 exd4 4. Bc4 Nf6 5. 0-0 Be7 6. Nxd4 0-0 7. Nc3 d6 8. h3 Ne5 9. Be2 c6 10. Nf3 Qc7 11. Bf4 Re8 12. Qd4 Nfd7 13. Rfd1 b5 14. b4 Bb7 15. a4 a6 16. a5 c5 17. bxc5 dxc5 18. Bxe5 Nxe5 19. Qxe5 Qxe5 20. Nxe5 Bf6 21. f4 g5 22. g3 Bg7 23. Nd5 Rad8 24. Ra3 Bxd5 25. Rxd5 Rxd5 26. exd5 f6 27. Bh5 Rd8 28. Nc6 Kf8 29. Nxd8 1-0

[Event "GER-chT U14"]
[Site "Willingen"]
[Date "2021.06.26"]
[Round "6.2"]
[White "Beck, Felix"]
[Black "Ruddat, Jarne"]
[Result "1-0"]
[WhiteElo "1526"]
[BlackElo "1385"]
[PlyCount "79"]
[EventDate "2021.06.23"]
[EventType "team-swiss"]
[EventRounds "7"]
[EventCountry "GER"]
[SourceTitle "EXT 2022"]
[Source "ChessBase"]
[SourceDate "2021.10.06"]
[SourceVersion "1"]
[SourceVersionDate "2021.10.06"]
[SourceQuality "1"]
[WhiteTeam "Berlin Nord Ost"]
[BlackTeam "Lichtenberg Borussia"]
[WhiteTeamCountry "GER"]
[BlackTeamCountry "GER"]

1. c4 e5 2. g3 Bc5 3. Bg2 c6 4. d3 d5 5. cxd5 cxd5 6. Nf3 Nc6 7. 0-0 Bd7 8. Nxe5 Nxe5 9. d4 Bb6 10. dxe5 Be6 11. b3 Ne7 12. Bb2 Qd7 13. Nd2 Rd8 14. Nf3 0-0 15. e3 Nc6 16. Rc1 Rfe8 17. Bd4 Bc7 18. Qd2 Bg4 19. Qc3 Bxf3 20. Bxf3 Nxe5 21. Bg2 Bb8 22. Rfd1 Rc8 23. Qb2 Rxc1 24. Qxc1 Rc8 25. Qb2 Qe6 26. Bxe5 Bxe5 27. Qd2 g6 28. Qxd5 Qxd5 29. Rxd5 Bf6 30. Rd7 Rc1+ 31. Bf1 Ra1 32. Rxb7 Rxa2 33. Bc4 Bc3 34. Rxf7 a5 35. e4 a4 36. Rf3+ Kg7 37. Rxc3 Ra1+ 38. Kg2 a3 39. b4 a2 40. Ra3 1-0

[Event "GER-chT U14"]
[Site "Willingen"]
[Date "2021.06.26"]
[Round "5.1"]
[White "Ruddat, Jarne"]
[Black "Abed, Karim"]
[Result "0-1"]
[WhiteElo "1385"]
[BlackElo "1626"]
[PlyCount "62"]
[EventDate "2021.06.23"]
[EventType "team-swiss"]
[EventRounds "7"]
[EventCountry "GER"]
[SourceTitle "EXT 2022"]
[Source "ChessBase"]
[SourceDate "2021.10.06"]
[SourceVersion "1"]
[SourceVersionDate "2021.10.06"]
[SourceQuality "1"]
[WhiteTeam "Lichtenberg Borussia"]
[BlackTeam "Koenigsjaeger Sued West"]
[WhiteTeamCountry "GER"]
[BlackTeamCountry "GER"]

1. e4 e6 2. d4 d5 3. exd5 exd5 4. Bd3 Nc6 5. Ne2 Bg4 6. f3 Bh5 7. 0-0 Qf6 8. Kh1 Bd6 9. Qe1 Nge7 10. Qf2 0-0-0 11. c3 Bg6 12. Bb5 Bf5 13. b4 Bd7 14. a4 h5 15. Nd2 h4 16. Nb3 Nf5 17. h3 Ng3+ 18. Kg1 Nxf1 19. Qxf1 Rde8 20. Nc5 Bxc5 21. bxc5 Na5 22. Rb1 c6 23. Bd3 g5 24. Qd1 Bf5 25. Bc2 Qg6 26. Bxf5+ Qxf5 27. Ba3 Rxe2 28. Rxb7 Rxg2+ 29. Kxg2 Nxb7 30. Qe2 Qe6 31. Qa6 Re8 0-1

[Event "GER Pfingstopen U16"]
[Site "Playchess.com INT"]
[Date "2020.06.05"]
[Round "1"]
[White "Ruddat, Jarne"]
[Black "Kolb, Tobias"]
[Result "0-1"]
[WhiteElo "1570"]
[BlackElo "1734"]
[PlyCount "108"]
[EventDate "2020.06.05"]
[EventType "swiss (blitz)"]
[EventRounds "11"]
[EventCountry "GER"]
[SourceTitle "CBM 197 Extra"]
[Source "ChessBase"]
[SourceDate "2020.09.30"]
[SourceVersion "1"]
[SourceVersionDate "2020.09.30"]
[SourceQuality "1"]

1. e4 c6 2. d4 d5 3. exd5 cxd5 4. Bd3 Nc6 5. Nf3 Nf6 6. c3 g6 7. Bf4 Bf5 8. 0-0 Bxd3 9. Qxd3 Bg7 10. Nbd2 0-0 11. Nb3 Ne4 12. Nbd2 Nd6 13. b3 Rc8 14. c4 dxc4 15. bxc4 Nf5 16. Nb3 Ncxd4 17. Nbxd4 Nxd4 18. Nxd4 Qxd4 19. Qxd4 Bxd4 20. Rac1 e5 21. Rfd1 Rc6 22. Bh6 Rfc8 23. Kf1 Rxc4 24. Rxc4 Rxc4 25. Re1 Rc2 26. Re2 Rxe2 27. Kxe2 f5 28. Bg5 Kf7 29. f4 Ke6 30. fxe5 Bxe5 31. g3 Kd5 32. Kd3 b5 33. Be3 a5 34. Bb6 a4 35. Ba5 g5 36. Bd2 f4 37. gxf4 Bxf4 38. Bxf4 gxf4 39. a3 Ke5 40. h3 Kd5 41. h4 h5 42. Kc3 Ke4 43. Kd2 f3 44. Ke1 Ke3 45. Kd1 f2 46. Kc2 f1Q 47. Kc3 Qe1+ 48. Kc2 Qd2+ 49. Kb1 Qf2 50. Kc1 Kd3 51. Kb1 Kc3 52. Ka1 Qf1+ 53. Ka2 Qe2+ 54. Ka1 Qb2# 0-1

[Event "GER Pfingstopen U16"]
[Site "Playchess.com INT"]
[Date "2020.06.05"]
[Round "7"]
[White "Ruddat, Jarne"]
[Black "Tennigkeit, Paul"]
[Result "1-0"]
[WhiteElo "1570"]
[BlackElo "1620"]
[PlyCount "29"]
[EventDate "2020.06.05"]
[EventType "swiss (blitz)"]
[EventRounds "11"]
[EventCountry "GER"]
[SourceTitle "CBM 197 Extra"]
[Source "ChessBase"]
[SourceDate "2020.09.30"]
[SourceVersion "1"]
[SourceVersionDate "2020.09.30"]
[SourceQuality "1"]

1. e4 e5 2. Nf3 Nc6 3. d4 exd4 4. Nxd4 Nf6 5. Nc3 Bb4 6. Nxc6 bxc6 7. Bd3 d5 8. exd5 cxd5 9. 0-0 0-0 10. Bg5 h6 11. Bxf6 gxf6 12. Nxd5 Qxd5 13. Bh7+ Kxh7 14. Qxd5 Bd6 15. Qxa8 1-0

[Event "GER Cup Net V3 U1600"]
[Site "Playchess.com INT"]
[Date "2020.05.27"]
[Round "7"]
[White "Ruddat, Jarne"]
[Black "Hausmann, Heiko"]
[Result "0-1"]
[WhiteElo "1654"]
[BlackElo "1536"]
[PlyCount "62"]
[EventDate "2020.05.27"]
[EventType "swiss (blitz)"]
[EventRounds "9"]
[EventCountry "GER"]
[SourceTitle "EXT 2021"]
[Source "ChessBase"]
[SourceDate "2020.10.23"]
[SourceVersion "1"]
[SourceVersionDate "2020.10.23"]
[SourceQuality "1"]

1. e4 d5 2. exd5 Qxd5 3. Nc3 Qa5 4. d4 c6 5. Bc4 Nf6 6. Nf3 Bf5 7. 0-0 e6 8. Bd2 Qc7 9. Re1 Bd6 10. d5 cxd5 11. Bxd5 0-0 12. Bb3 Bf4 13. Nb5 Qb6 14. Bxf4 Qxb5 15. Re5 Qb6 16. Be3 Qc7 17. Rc5 Nc6 18. Ba4 Rfd8 19. Qe2 Rd5 20. Rc3 Qd8 21. Bxc6 bxc6 22. Rxc6 Qd7 23. Rc3 Ne4 24. Rd3 Rd8 25. Rxd5 Qxd5 26. Nd4 Bg6 27. Rd1 Qxa2 28. Nf3 Rxd1+ 29. Qxd1 h6 30. Qd8+ Kh7 31. Qd4 Qb1+ 0-1